[Event "KEN-chT"]
[Site "Nairobi"]
[Date "2019.07.20"]
[Round "21.4"]
[White "Mwangi, Maliki"]
[Black "Njoroge, Martin"]
[Result "0-1"]
[WhiteElo "1322"]
[BlackElo "1826"]
[PlyCount "148"]
[EventDate "2019.02.09"]
[EventType "team-tourn"]
[EventRounds "27"]
[EventCountry "KEN"]
[SourceTitle "CBM 192 Extra"]
[Source "Chessbase"]
[SourceDate "2019.11.06"]
[SourceVersion "1"]
[SourceVersionDate "2019.11.06"]
[SourceQuality "1"]
[WhiteTeam "Nacha Kings"]
[BlackTeam "KCB Bank"]
[WhiteTeamCountry "KEN"]
[BlackTeamCountry "KEN"]

1. d4 d5 2. Nf3 e6 3. Bf4 Nf6 4. e3 Be7 5. Be2 0-0 6. 0-0 Nbd7 7. h3 c6 8. Nbd2 Qb6 9. a3 Qxb2 10. Nb3 Ne4 11. Nfd2 Nc3 12. Qe1 Nxe2+ 13. Qxe2 Qxc2 14. e4 dxe4 15. Rfc1 Qd3 16. Qxe4 Qxe4 17. Nxe4 Nf6 18. Nd6 Rd8 19. Nc4 Nd5 20. Bh2 f6 21. Ncd2 Bd6 22. Bxd6 Rxd6 23. Ne4 Rd8 24. Re1 b6 25. Rac1 Bd7 26. Nd6 Nc7 27. Nd2 Ne8 28. N2e4 Nxd6 29. Nxd6 a5 30. Rb1 Rdb8 31. Rb2 b5 32. Ne4 b4 33. a4 Be8 34. Nc5 Bf7 35. Kf1 Rd8 36. Nxe6 Bxe6 37. Rxe6 Rxd4 38. Rxc6 Rd1+ 39. Ke2 Ra1 40. Rb6 Rxa4 41. Kd3 Rc8 42. Kd4 Ra1 43. Kd5 Rd1+ 44. Ke6 Re8+ 45. Kf5 Re5+ 46. Kf4 Rd3 47. Rc2 Kf7 48. h4 Rd4+ 49. Kg3 a4 50. f4 Re7 51. Rb2 b3 52. Kg4 Rc4 53. Ra6 Rb7 54. g3 Rc2 55. Rb1 b2 56. Rxb2 Rcxb2 57. Rxa4 R2b5 58. Ra3 Kg6 59. Rf3 h5+ 60. Kh3 Kf5 61. Rf2 Ra7 62. Re2 Ra3 63. Re7 g6 64. Re2 Rbb3 65. Rg2 Rf3 66. Rg1 Rxf4 67. Kh2 Rf2+ 68. Kh3 Raa2 69. g4+ hxg4+ 70. Rxg4 Rh2+ 71. Kg3 Rhg2+ 72. Kf3 Rxg4 73. h5 Rga4 74. hxg6 R4a3# 0-1